000 00535nam a22002177a 4500
005 20170124110121.0
010 _a184505
020 _c00.00
035 _a184505
037 _bCen Lib/Ret
040 _aDPL
_bEN
082 _aN
_bSHE
100 _aSheed, Wilfrid
_930573
245 _aA middle class education /
_cby Wilfrid Sheed
260 _bCassell & company
_aLondon
_c1961
270 _bLondon
300 _a387p.
_c19cm(Hb)
650 _aLiterature
_96262
650 _aNovel
_922513
942 _2ddc
_cEN
_hN
_mSHE
999 _c131009
_d131009